Porcile ; Orgia ; Bestia da stile /

«Sempre più mi accorgo che fare teatro non si improvvisa, è un’impresa che richiede l’impegno di una vita intera.» (P. P. Pasolini). - Il mondo del teatro professionistico non piaceva a Pier Paolo Pasolini, gli era estraneo: a dominare sulle scene era infatti una lingua artificiale che a lui suonava...

Descripción completa

Guardado en:
Detalles Bibliográficos
Autor principal: Pasolini, Pier Paolo (Autor)
Formato: Libro
Lenguaje:italiano
Publicado: Milano : Garzanti, 1979
Etiquetas: Agregar Etiqueta
Sin Etiquetas, Sea el primero en etiquetar este registro!

MARC

LEADER 00000nam a22000007ia4500
001 IT\ICCU\RAV\0088969
003 ItRI
005 20250630170347.0
008 900206s1979 it |||||| ||||| |||||c
040 |b ita  |c Arcigay Genova 
041 7 |a ita  |2 ISO-639-2 
082 |a 853.914  |2 20 
100 1 |a Pasolini, Pier Paolo  |0 IT\ICCU\CFIV\001068  |4 aut 
240 1 0 |a Orgia  |9 Pasolini, Pier Paolo 
240 1 0 |a Porcile  |9 Pasolini, Pier Paolo 
240 1 0 |a Bestia da stile.  |9 Pasolini, Pier Paolo 
245 1 0 |a Porcile ; Orgia ; Bestia da stile /  |c Pier Paolo Pasolini. 
260 |a Milano :  |b Garzanti,  |c 1979 
300 |a 314 p. ;  |c 21 cm. 
500 |a P. 7-99 
500 |a P. 103-191 
500 |a P. 195-307 
520 |a «Sempre più mi accorgo che fare teatro non si improvvisa, è un’impresa che richiede l’impegno di una vita intera.» (P. P. Pasolini). - Il mondo del teatro professionistico non piaceva a Pier Paolo Pasolini, gli era estraneo: a dominare sulle scene era infatti una lingua artificiale che a lui suonava falsa, artefatta, convenzionale. Eppure, mentre nelle dichiarazioni pubbliche il poeta rimarcava lontananza e disinteresse per il palcoscenico, a un livello più profondo un’urgenza nutriva la sua creatività, e intorno alla metà degli anni Sessanta, nell’era della televisione e delle masse, il tanto bistrattato teatro diventò quasi una via di fuga. In questo volume sono contenuti il dramma "Porcile", in dialogo simbolico con l’omonimo film, nel quale si racconta la vita di un grande industriale tedesco e si descrive l’eterna ipocrisia con cui si cementa la classe al potere; "Orgia", l’unico testo teatrale portato in scena con la cura personale dell’autore, in cui si mostra la disperata lotta di chi è diverso contro la normalità che respinge ai margini; infine "Bestia da stile", la storia del poeta cecoslovacco Jan che lo stesso autore non ha esitato a definire «un’autobiografia». (...) 
774 0 |w IT\ICCU\RMS\3107987  |t Nota  |a Roncaglia, Aurelio 
777 0 |w IT\ICCU\RAV\0088970  |t Porcile  |a Pasolini, Pier Paolo 
777 0 |w IT\ICCU\RAV\0088973  |t Orgia  |a Pasolini, Pier Paolo 
777 0 |w IT\ICCU\RAV\0088975  |t Bestia da stile  |a Pasolini, Pier Paolo 
942 |2 ddc  |c BK 
952 |0 0  |1 0  |2 ddc  |4 0  |6 B_LTR05PASPIPOR12  |7 0  |9 4394  |a MI  |b MI  |d 1987-08-28  |i 534  |l 0  |o B-LTR05-PASPI-POR12  |p CDOM534  |r 2025-06-30 15:28:03  |w 2025-06-30  |x Acquisto  |y BK 
952 |0 0  |1 0  |2 ddc  |4 0  |6 B_LTR05PASPIPOR11  |7 0  |9 4395  |a MI  |b MI  |d 2005-03-25  |i 31  |l 0  |o B-LTR05-PASPI-POR11  |p CDOM31  |r 2025-06-30 15:28:03  |w 2025-06-30  |x Acquisto  |y BK 
981 1 |6 z01  |a i   |b xxxe  
982 1 |6 z01  |a n 
999 |c 3406  |d 3406